Statistiques concernant Les vainqueurs du Ballon d'Or - Click Quiz

Cliquez ici pour prendre le quiz!

Statistiques générales

  • Ce quiz a été pris 282 fois
    (101 depuis la dernière actualisation)
  • Le résultat moyen est 14 sur 45

Statistiques - réponses

HintRéponse% Correct
2009, 2010, 2011, 2012, 2015, 2019, 2021, 2023Lionel Messi
77%
2008, 2013, 2014, 2016, 2017Cristiano Ronaldo
69%
2018Luka Modric
69%
1998Zinedine Zidane
69%
2007Kaka
67%
2022Karim Benzema
64%
1957, 1959Alfredo Di Stefano
62%
1997, 2002Ronaldo
62%
2006Fabio Cannavaro
56%
1971, 1973, 1974Johan Cruyff
49%
1988, 1989, 1992Marco Van Basten
49%
1983, 1984, 1985Michel Platini
49%
2000Luis Figo
46%
2004Andriy Shevchenko
41%
2001Michael Owen
41%
2003Pavel Nedved
41%
2005Ronaldinho
41%
1991Jean-Pierre Papin
38%
1972, 1976Franz Beckenbauer
36%
1995George Weah
33%
1999Rivaldo
33%
1996Matthias Sammer
31%
1958Raymond Kopa
28%
1993Roberto Baggio
28%
1980, 1981Karl-Heinz Rummenigge
26%
1966Bobby Charlton
21%
1994Hristo Stoichkov
21%
1990Lottar Matthäus
21%
1982Paolo Rossi
21%
1986Igor Belanov
18%
1987Ruud Gullit
18%
1956Stanley Matthews
18%
1978, 1979Kevin Keegan
15%
1963Lev Yachine
15%
1969Gianni Rivera
13%
1977Allan Simonsen
10%
1970Gerd Müller
10%
1965Eusebio
8%
1968George Best
8%
1960Luis Suarez
8%
1975Oleg Blokhine
5%
1964Denis Law
3%
1967Florian Albert
3%
1962Josef Masopust
3%
1961Omar Sivori
3%

Distribution des résultats

Percentile par nombre de réponses

% des personnes avec chaque résultat

Votre développement - résultats

Vous n’avez pas pris ce quiz depuis la dernière actualisation